Arume 5. Ciencias sociais

Gespeichert in:
Bibliographische Detailangaben
1. Verfasser: Cubera Pereira, Emilio Otero Fernández, Anibal Rivero Bandera, Emiliano Vázquez Portomeñe, Antonio Segundo
Format: keine Angabe
Sprache:Spanisch
Galicisch
Erschienen: La Coruña Bruño 1989
Katalog:MANES:  Suchergebnis im Bibliothekskatalog
Schulbuchspezifische Eigenschaften:
Schriftenreihe:Proxecto XXI
Tags: Tag hinzufügen
Keine Tags, Fügen Sie den ersten Tag hinzu!
Hinzugefügt zu:26.04.2016

MARC

LEADER 000000000a22000000004500
001 02113
003 OSt
008 160427s sp ||||| |||| 00| 0 spa d
040 |c centro_manes 
041 1 |a glg 
691 7 |a PRI 
100 1 |a Cubera Pereira, Emilio  |9 168  |a Otero Fernández, Anibal  |9 169  |a Rivero Bandera, Emiliano  |9 170  |a Vázquez Portomeñe, Antonio Segundo  |9 171 
245 0 0 |a Arume 5. Ciencias sociais 
260 3 |a La Coruña  |b Bruño  |c 1989 
300 |a 191 p.  |c 26x19 cm 
440 |a Proxecto XXI  |9 172 
500 |a Fecha de publicación tomada del Depósito Legal 
690 7 |a ECS 
942 |2 ddc  |c BK 
546 |a España 
999 |c 8087  |d 8087 
999 |c manes:8087  |d 8087